Central Library OPAC University of Rajshahi
Normal view MARC view

Entry Personal Name

Number of records used in: 3

001 - CONTROL NUMBER

  • control field: 3890

003 - CONTROL NUMBER IDENTIFIER

  • control field: BD-RjUL

005 - DATE AND TIME OF LATEST TRANSACTION

  • control field: 20220626153319.0

008 - FIXED-LENGTH DATA ELEMENTS

  • fixed length control field: 220626|| aca||aabn | a|a d

040 ## - CATALOGING SOURCE

  • Original cataloging agency: BD-RjUL
  • Transcribing agency: BD-RjUL

100 ## - HEADING--PERSONAL NAME

  • Personal name: Islam, Ahmed Zohirul

670 ## - SOURCE DATA FOUND

  • Source citation: Work cat.: (BD-RjUL)80042: Islam, Ahmed Zohirul , Factors Affecting Contraceptive Use among Young Fecund Women in Bangladesh :, 2015